Understanding international relations / (Record no. 7709)
[ view plain ]
| 000 -LEADER | |
|---|---|
| fixed length control field | 01001cam a22002895a 4500 |
| 003 - CONTROL NUMBER IDENTIFIER | |
| control field | EG-ScBUE |
| 005 - DATE AND TIME OF LATEST TRANSACTION | |
| control field | 20201128013340.0 |
| 008 - FIXED-LENGTH DATA ELEMENTS--GENERAL INFORMATION | |
| fixed length control field | 150816t2005 enk f b 001 0 eng d |
| 020 ## - INTERNATIONAL STANDARD BOOK NUMBER | |
| International Standard Book Number | 9781403946645 |
| 040 ## - CATALOGING SOURCE | |
| Original cataloging agency | EG-ScBUE |
| Language of cataloging | eng |
| Description conventions | rda |
| Transcribing agency | EG-ScBUE |
| Modifying agency | EG-ScBUE |
| 082 04 - DEWEY DECIMAL CLASSIFICATION NUMBER | |
| Classification number | 327 |
| Item number | BRO |
| Edition number | 22 |
| 100 1# - MAIN ENTRY--PERSONAL NAME | |
| Personal name | Brown, Chris, |
| Relator term | author. |
| 245 10 - TITLE STATEMENT | |
| Title | Understanding international relations / |
| Statement of responsibility, etc | Chris Brown with Kirsten Ainley. |
| 250 ## - EDITION STATEMENT | |
| Edition statement | Third edition. |
| Remainder of edition statement | Revised and Updated. |
| 264 #1 - PUBLICATION, DISTRIBUTION, ETC. (IMPRINT) | |
| Place of publication, distribution, etc | Hampshire ; |
| -- | New York : |
| Name of publisher, distributor, etc | Palgrave Macmillan, |
| Date of publication, distribution, etc | 2005. |
| 300 ## - PHYSICAL DESCRIPTION | |
| Extent | xvii, 294 pages ; |
| Dimensions | 25 cm |
| 336 ## - CONTENT TYPE | |
| Source | rdacontent |
| Content type term | text |
| Content type code | txt |
| 337 ## - MEDIA TYPE | |
| Source | rdamedia |
| Media type term | unmediated |
| Media type code | n |
| 338 ## - CARRIER TYPE | |
| Source | rdacarrier |
| Carrier type term | volume |
| Carrier type code | nc |
| 504 ## - BIBLIOGRAPHY, ETC. NOTE | |
| Bibliography, etc | Includes bibliographical references and index. |
| 590 ## - LOCAL NOTE (RLIN) | |
| Local note | doaa mohamed |
| 650 #7 - SUBJECT ADDED ENTRY--TOPICAL TERM | |
| Topical term or geographic name as entry element | International relations. |
| Source of heading or term | BUEsh |
| 9 (RLIN) | 1135 |
| 653 ## - INDEX TERM--UNCONTROLLED | |
| Resource For college | BAEPS, Political Science |
| Arrived date list | August2015 |
| -- | February2018 |
| 655 ## - INDEX TERM--GENRE/FORM | |
| Form subdivision | Reading book |
| 9 (RLIN) | 34232 |
| 700 1# - ADDED ENTRY--PERSONAL NAME | |
| Personal name | Ainley, Kirsten, |
| Relator term | author. |
| 9 (RLIN) | 12346 |
| 942 ## - ADDED ENTRY ELEMENTS (KOHA) | |
| Source of classification or shelving scheme | Dewey Decimal Classification |
| Koha item type | Book - Borrowing |
| Withdrawn status | Lost status | Source of classification or shelving scheme | Damaged status | Not for loan | Home library | Current library | Shelving location | Date acquired | Source of acquisition | Total Checkouts | Total Renewals | Full call number | Barcode | Date last seen | Date checked out | Koha item type | Collection code | Price effective from |
|---|---|---|---|---|---|---|---|---|---|---|---|---|---|---|---|---|---|---|
| Dewey Decimal Classification | Central Library | Central Library | First floor | 04/02/2008 | Purchase | 7 | 17 | 327 BRO | 000009071 | 15/07/2025 | 02/04/2014 | Book - Borrowing | ||||||
| Dewey Decimal Classification | Central Library | Central Library | First floor | 04/02/2008 | Purchase | 9 | 16 | 327 BRO | 000009072 | 15/07/2025 | 02/04/2014 | Book - Borrowing | ||||||
| Dewey Decimal Classification | Central Library | Central Library | First floor | 04/02/2008 | Purchase | 12 | 21 | 327 BRO | 000009073 | 15/07/2025 | 06/03/2014 | Book - Borrowing | ||||||
| Dewey Decimal Classification | Central Library | Central Library | First floor | 04/02/2008 | Purchase | 7 | 10 | 327 BRO | 000009074 | 15/07/2025 | 18/05/2014 | Book - Borrowing | ||||||
| Dewey Decimal Classification | Central Library | Central Library | First floor | 07/03/2010 | 327 BRO | 000009068 | 15/07/2025 | NB - Book (Non borrowing) | Baccah | 07/03/2010 | ||||||||
| Dewey Decimal Classification | Central Library | Central Library | First floor | 07/02/2018 | 327 BRO | 000047271 | 15/07/2025 | Book - Borrowing | 07/02/2018 | |||||||||
| Dewey Decimal Classification | Central Library | Central Library | First floor | 19/09/2020 | Purchase | 327 BRO | 000049696 | 15/07/2025 | Book - Borrowing | Baccah | 19/09/2020 |